First course in the calculus of variations (Record no. 31114)
[ view plain ]
| 000 -LEADER | |
|---|---|
| fixed length control field | 00474nam a2200169Ia 4500 |
| 008 - FIXED-LENGTH DATA ELEMENTS--GENERAL INFORMATION | |
| fixed length control field | 230917s9999||||xx |||||||||||||| ||und|| |
| 020 ## - ISBN | |
| Price | RS1155 |
| 040 ## - CATALOGING SOURCE | |
| -- | 255527 |
| Original cataloging agency | VIVEKANANDA LIBRARY |
| 041 ## - Language | |
| -- | English |
| 082 ## - DDC NUMBER | |
| Classification number | 515.64 K848F |
| 100 ## - MAIN ENTRY--PERSONAL NAME | |
| Personal name | Kot, Mark |
| 245 #0 - TITLE STATEMENT | |
| Title | First course in the calculus of variations |
| 260 ## - PUBLICATION, DISTRIBUTION, ETC. (IMPRINT) | |
| Place of publication, distribution, etc | Providence |
| Name of publisher, distributor, etc | American Mathematical Society |
| Date of publication, distribution, etc | 2017 |
| 300 ## - PHYSICAL DESCRIPTION | |
| Pages | x, 298 p. |
| 500 ## - GENERAL NOTE | |
| General note | 3460 08/05/2019 RBP19/75796 24/05/2019 Main Budget |
| 942 ## - ADDED ENTRY ELEMENTS (KOHA) | |
| Koha item type | Books |
| Withdrawn status | Lost status | Damaged status | Not for loan | Location (home branch) | Sublocation or collection (holding branch) | Date acquired | Koha issues (times borrowed) | Koha full call number | Accession No. | Koha date last seen | Koha item type |
|---|---|---|---|---|---|---|---|---|---|---|---|
| VIVEKANANDA LIBRARY | VIVEKANANDA LIBRARY | 20/06/2019 | 515.64 K848F | 383395 | 17/09/2023 | Books | |||||
| VIVEKANANDA LIBRARY | VIVEKANANDA LIBRARY | 20/06/2019 | 515.64 K848F | 383396 | 17/09/2023 | Books | |||||
| VIVEKANANDA LIBRARY | VIVEKANANDA LIBRARY | 20/06/2019 | 515.64 K848F | 383397 | 17/09/2023 | Books |
